[Event "Cuiaba Contaud op"]
[Site "Cuiaba"]
[Date "2023.11.02"]
[Round "1"]
[White "Paniago, Lucio Erloiny Silva"]
[Black "De Almeida, Daniel Costa"]
[Result "1-0"]
[WhiteElo "1533"]
[BlackElo "1757"]
[PlyCount "51"]
[EventDate "2023.11.02"]
[EventType "swiss"]
[EventRounds "7"]
[EventCountry "BRA"]
[SourceTitle "CB46_2023"]
[SourceDate "2023.11.15"]
[SourceVersion "1"]
[SourceVersionDate "2023.11.15"]
[SourceQuality "1"]

1. e4 e5 2. Nf3 Nc6 3. Bb5 a6 4. Ba4 b5 5. Bb3 Nf6 6. 0-0 d6 7. d4 Be7 8. Re1 0-0 9. c3 Bb7 10. Nbd2 h6 11. Nf1 Na5 12. Bc2 Nc4 13. b3 Na5 14. dxe5 dxe5 15. Qxd8 Bxd8 16. Nxe5 Re8 17. b4 Nc6 18. Nxc6 Bxc6 19. Ng3 Be7 20. Be3 Bd6 21. Bd4 Be7 22. Rad1 Rad8 23. h3 Bb7 24. Nf5 Kh7 25. Nxe7 Rxe7 26. e5+ 1-0